[Event "Attica-ch U18"]
[Site "Iraklio"]
[Date "2013.12.26"]
[Round "3.1"]
[White "Halikias, Alexios"]
[Black "Roinos, Ilias"]
[Result "0-1"]
[WhiteElo "1450"]
[BlackElo "2013"]
[PlyCount "56"]
[EventDate "2013.12.22"]
[EventType "swiss"]
[EventRounds "7"]
[EventCountry "GRE"]
[SourceTitle "EXT 2024"]
[Source "ChessBase"]
[SourceDate "2023.10.10"]
[SourceVersion "1"]
[SourceVersionDate "2023.10.10"]
[SourceQuality "1"]

1. d4 g6 2. e4 Bg7 3. c4 d6 4. Nc3 Nc6 5. Nf3 Bg4 6. Be3 e5 7. d5 Nd4 8. Bg5 Bxf3 9. Bxd8 Bxd1 10. Bxc7 Bg4 11. f3 Kd7 12. fxg4 Kxc7 13. Nb5+ Nxb5 14. cxb5 Nf6 15. Rc1+ Kd7 16. b6 axb6 17. Bb5+ Kd8 18. 0-0 h6 19. h4 Rf8 20. Rc2 Rc8 21. Rcf2 Ke7 22. Rf3 Nxe4 23. Ra3 f5 24. Ra7 Rc7 25. Ba6 fxg4 26. Rxb7 Rxf1+ 27. Kxf1 Rxb7 28. Bxb7 Bf6 0-1